• 首页
  • 本馆介绍
  • 公告通知
  • 最新文献
  • 馆藏检索
  • 电子资源
  • 读者导购
  • 参考咨询
  • 我的图书馆
  • 登录
  • 详细信息显示
  • 放入我的书架
  • 预约/预借图书
  • 作者相关作品
  • 分类相关作品
  • 丛书相关作品
  • 出版社相关作品

书目信息

  • 表格格式
  • 工作单格式
  • 卡片格式
题名:
家庭经济学
    
 
作者: 周静莉 主编
分册:  
出版信息: 长春   吉林大学出版社  2020.11
页数: 217页
开本: 26cm
丛书名:
单 册:
中图分类: F063.4
科图分类:
主题词: 家庭经济学--jia ting jing ji xue
电子资源:
ISBN: 978-7-5692-7401-1
000 00764nam0 2200229 450
001 2159535979
005 20211011172912.0
010    @a978-7-5692-7401-1@dCNY58.00
100    @a20210118d2020 em y0chiy50 ea
101 0  @achi
102    @aCN@b220000
105    @ay z 000yy
106    @ar
200 1  @a家庭经济学@Ajia ting jing ji xue@f周静莉主编
210    @a长春@c吉林大学出版社@d2020.11
215    @a217页@d26cm
330    @a本书共九章,主要内容包括:绪论、家庭经济学基础理论、家庭经济需要、家庭收入与分配、家庭消费、家庭理财、家庭教育投资、家庭养老规划、家庭风险管理。
606 0  @a家庭经济学@Ajia ting jing ji xue
690    @aF063.4@v5
701  0 @a周静莉@Azhou jing li@4主编
801  0 @aCN@b百万庄@c20211009
905    @b1308340-43@dF063.4@e179@f4
    
    家庭经济学/周静莉主编.-长春:吉林大学出版社,2020.11
    217页;26cm
    
    
    ISBN 978-7-5692-7401-1:CNY58.00
    本书共九章,主要内容包括:绪论、家庭经济学基础理论、家庭经济需要、家庭收入与分配、家庭消费、家庭理财、家庭教育投资、家庭养老规划、家庭风险管理。
●
相关链接 在E读中查询图书 在五车中查询图书 在当当中查询图书 在豆瓣中查询图书


正题名:家庭经济学     索取号:F063.4/179         预约/预借

序号 登录号 条形码 馆藏地/架位号 状态 备注
1 1308340   213083401   第一样本阅览室/ [索取号:F063.4/179] 在馆    
2 1308341   213083410   第一借阅区/ [索取号:F063.4/179] 在馆    
3 1308342   213083429   第一借阅区/ [索取号:F063.4/179] 在馆    
4 1308343   213083438   第一借阅区/ [索取号:F063.4/179] 在馆    
唐山师范学院图书馆 欢迎您!
大连网信软件有限公司© 版权所有